000 00562nam a2200181 4500
001 109203
003 ES-MaACL
005 20230906184810.0
007 t|
008 061121s1963 sp r ||||1| spa d
100 1 _aOliveras, José P.
_986859
245 1 0 _aGuía médica sexual /
_cJosé P. Oliveras ; revisión religiosa por el Rvdo. P. Ramón Castelltort.
250 _a[1ª ed.].
260 _aBarcelona :
_bGassó Hnos.,
_c[1963]
300 _a370 p. :
_bil ;
_c20 cm.
700 1 _aCastelltort, Ramón.
_936603
852 _aES-MaACL
_jC-24298
_bR.52838
999 _c109203
_d109203